| 000 | 00375nam a2200169 i 4500 | ||
|---|---|---|---|
| 001 | bg | ||
| 100 | 1 | _aDYLLA, Andrzej | |
| 245 | 0 |
_aFizyka budowli / _cA. Dylla. |
|
| 260 |
_aBydgoszcz, _c1985. |
||
| 490 | 1 | _aSkrypty | |
| 830 | _aSkrypty | ||
| 040 | _cBPK | ||
| 041 | _apol | ||
| 080 | _a697:699.8:536](075.8) | ||
| 942 | _cKS | ||
| 008 | s pl f |000 0 pol | ||
| 999 |
_c3114 _d3114 |
||
| 856 |
_uhttp://koha.tu.koszalin.pl/cgi-bin/koha/opac-detail.pl?biblionumber=3114 _yKatalog online BPK |
||